000 00962nam a22002177a 4500
999 _c58171
_d58171
003 Ge_BSU
005 20210722123637.0
008 210722s2018 ge ||||| |||| 00| 0 geo d
020 _a9789941815652
041 _ageo
080 _a634.6(479.22)(075.8) ჯ-12
100 _aჯაბნიძე, რეზო
_92484
245 _aსუბტროპიკული კულტურები :
_b[სახელმძღვანელო] /
_cრეზო ჯაბნიძე; რედ. გურამ ალექსიძე.
264 _aბათუმი:
_bშპს "World Print",
_c2018.
300 _a649 გვ.
_bილ.
_c20 სმ.
504 _aბიბლიოგრ. გვ. 633-640
653 _aსუბტროპიკული კულტურები
653 _aსახელმძღვანელო
700 _aალექსიძე, გურამ
_eრედაქტორი
_97983
942 _2udc
_cBK